000 01040cam a2200313 a 4500
001 4487182
003 OSt
005 20230622151757.0
008 961114s1996 ke a b 000 0 eng
010 _a 96981063
020 _a9966900624
020 _a9966900616
040 _aDLC
_cDLC
_dDLC
042 _alcode
043 _af-cm---
082 _a330
_bAMI
100 1 _aAmin, Aloysius Ajab,
_d1947-
245 1 4 _aThe effects of exchange rate policy on Cameroon's agricultural competitiveness /
_cAloysius Ajab Amin.
260 _aNairobi, Kenya :
_bAfrican Economic Research Consortium,
_cc1996.
300 _a52 p. :
_bill. ;
_c25 cm.
440 0 _aAERC research paper ;
_v42
500 _a"March, 1996."
504 _aIncludes bibliographical references (p. [51]-52).
650 0 _aForeign exchange rates
_zCameroon.
650 0 _aAgricultural prices
_zCameroon.
906 _a7
_bcbc
_corigode
_d3
_encip
_f19
_gy-gencatlg
942 _2ddc
_cBK
999 _c2361
_d2361